[Event "4NCL/Div3/PPA1 vs. FCA1"]
[Site "Birmingham ENG"]
[Date "2005.11.20"]
[Round "4.6"]
[White "Fraser-Mitchell, Jeremy"]
[Black "Byway, Paul"]
[Result "1/2-1/2"]
[WhiteElo "2098"]
[BlackElo "2203"]
[PlyCount "33"]
[EventDate "2005.11.20"]
[EventType "team"]
[EventRounds "11"]
[EventCountry "ENG"]
[SourceDate "2005.10.25"]

1. d4 Nf6 2. c4 e6 3. Nc3 d5 4. Bg5 Nbd7 5. cxd5 exd5 6. e3 c6 7. Bd3 Be7 8.
Qc2 Nh5 9. Bxe7 Qxe7 10. Nge2 g6 11. g4 Ng7 12. O-O-O Nb6 13. h3 h5 14. Rhg1
hxg4 15. hxg4 Be6 16. Rg3 O-O-O 17. Rdg1 1/2-1/2

[Event "4NCL/Div3/PPA1 vs. FCA1"]
[Site "Birmingham ENG"]
[Date "2005.11.20"]
[Round "4.7"]
[White "Rosen, Daniel B"]
[Black "Ioannides, Milton"]
[Result "1-0"]
[WhiteElo "2155"]
[BlackElo "2082"]
[PlyCount "93"]
[EventDate "2005.11.20"]
[EventType "team"]
[EventRounds "11"]
[EventCountry "ENG"]
[SourceDate "2005.10.25"]

1. e4 c5 2. Nc3 d6 3. f4 a6 4. Nf3 e6 5. Be2 b5 6. O-O Bb7 7. d3 Ne7 8. Qe1 g6
9. Nd1 Bg7 10. Bd2 Nbc6 11. Bc3 Nd4 12. Nxd4 cxd4 13. Bd2 O-O 14. Qg3 f5 15.
Bf3 Qc7 16. Rc1 e5 17. Nf2 d5 18. fxe5 Bxe5 19. Qh3 dxe4 20. dxe4 fxe4 21. Bxe4
Rxf2 22. Bxb7 Rxf1+ 23. Rxf1 Bxh2+ 24. Kh1 Rf8 25. Qe6+ Kg7 26. Bh6+ Kxh6 27.
Rxf8 Bd6 28. Be4 Qc5 29. Rf3 Qe5 30. Qxe5 Bxe5 31. Rf7 Nc8 32. Rf8 Nd6 33. Bd3
a5 34. Ra8 a4 35. Ra5 Kg5 36. Bxb5 Kf4 37. Bd3 Ne4 38. Bxe4 Kxe4 39. Rxa4 Ke3
40. Ra5 Bf6 41. Ra6 Be5 42. Re6 Ke4 43. a4 Kd5 44. Re7 h5 45. a5 Bd6 46. a6
Bxe7 47. a7 1-0

[Event "4NCL/Div3/PPA1 vs. FCA1"]
[Site "Birmingham ENG"]
[Date "2005.11.20"]
[Round "4.8"]
[White "Evans, Helen"]
[Black "Sirisena, Chantal N"]
[Result "0-1"]
[WhiteElo "1725"]
[BlackElo "1939"]
[PlyCount "98"]
[EventDate "2005.11.20"]
[EventType "team"]
[EventRounds "11"]
[EventCountry "ENG"]
[SourceDate "2005.10.25"]

1. d4 d5 2. Bf4 c6 3. Nf3 Nf6 4. e3 Qb6 5. b3 Na6 6. Ne5 Nd7 7. Nd3 g6 8. c4
dxc4 9. bxc4 c5 10. d5 Bg7 11. Nd2 Bxa1 12. Qxa1 f6 13. a3 Qa5 14. Qb2 Kf7 15.
Be2 Nb6 16. O-O Na4 17. Nb3 Nxb2 18. Nxa5 Nxd3 19. Bxd3 g5 20. Bg3 h5 21. h4
Nb8 22. e4 b6 23. Nb3 Rg8 24. e5 fxe5 25. hxg5 Rxg5 26. Re1 Nd7 27. Bh4 Rg7 28.
Nd2 {=} Ba6 29. Nf3 Rg4 30. Rxe5 {=} Nf6 31. Rxh5 Rxg2+ 32. Kxg2 Nxh5 33. Ne5+
Kg7 34. Bxe7 Nf4+ 35. Kf3 Nxd3 36. Nxd3 Bxc4 37. Nf4 Kf7 38. d6 a6 39. Ke4 Re8
40. Nd5 Bxd5+ 41. Kxd5 Rh8 42. f4 Rh3 43. f5 Rxa3 44. f6 Rd3+ 45. Kc6 Ke6 46.
Kxb6 c4 47. Kc5 c3 48. Kc4 c2 49. f7 c1=Q+ 0-1

[Event "4NCL/Div3/WES2 vs. SWD2"]
[Site "Birmingham ENG"]
[Date "2005.11.20"]
[Round "4.1"]
[White "Pym, Thomas W"]
[Black "Spice, Alan"]
[Result "1-0"]
[WhiteElo "2100"]
[BlackElo "2189"]
[PlyCount "127"]
[EventDate "2005.11.20"]
[EventType "team"]
[EventRounds "11"]
[EventCountry "ENG"]
[SourceDate "2005.10.25"]

1. e4 e6 2. d4 d5 3. Nd2 Nc6 4. Ngf3 Nf6 5. e5 Nd7 6. Bd3 Nb4 7. Be2 c5 8. c3
Nc6 9. Bd3 Qb6 10. O-O cxd4 11. cxd4 Nxd4 12. Nxd4 Qxd4 13. Nf3 Qb6 14. Qa4 Qb4
15. Qc2 Be7 16. Bd2 Qc5 17. Qa4 O-O 18. Rac1 Qb6 19. Qg4 f5 20. Qh5 Nc5 21. Be3
Qa5 22. Ng5 h6 23. Bxc5 Bxc5 24. Nh3 Bd7 25. Qg6 Bd4 26. Rfe1 Rac8 27. Rb1 Qb6
28. Re2 Be8 29. Qg3 Rf7 30. Nf4 Rfc7 31. h4 Rc1+ 32. Rxc1 Rxc1+ 33. Kh2 Bd7 34.
h5 Bxb2 35. Bxf5 exf5 36. e6 Be8 37. Nxd5 Qd8 38. Rd2 Be5 39. f4 Bf6 40. e7 Qd6
41. Qb3 Kh7 42. Qxb7 Bc6 43. Qc8 Bxe7 44. Qxf5+ Kg8 45. Nxe7+ Qxe7 46. Qc8+ Kf7
47. Qf5+ Qf6 48. Qxf6+ Kxf6 49. g4 Rf1 50. Rd6+ Ke7 51. Rxc6 Rf2+ 52. Kg3 Rxa2
53. g5 hxg5 54. fxg5 Kf7 55. Rc7+ Kf8 56. Kf4 Ra5 57. Rb7 a6 58. Ra7 Kg8 59. g6
Kf8 60. Kg4 Ra4+ 61. Kf5 Ra1 62. Ra8+ Ke7 63. h6 Ra5+ 64. Kf4 1-0

[Event "4NCL/Div3/WES2 vs. SWD2"]
[Site "Birmingham ENG"]
[Date "2005.11.20"]
[Round "4.2"]
[White "Trevelyan, John"]
[Black "Tunks, Dominic"]
[Result "1-0"]
[WhiteElo "2186"]
[BlackElo "2155"]
[PlyCount "157"]
[EventDate "2005.11.20"]
[EventType "team"]
[EventRounds "11"]
[EventCountry "ENG"]
[SourceDate "2005.10.25"]

1. d4 Nf6 2. c4 e6 3. Nf3 b6 4. g3 Be7 5. Bg2 O-O 6. O-O d5 7. cxd5 exd5 8. Nc3
h6 9. Ne5 c6 10. e4 Be6 11. b3 Bb4 12. Bb2 Bxc3 13. Bxc3 dxe4 14. Bb4 Re8 15.
Rc1 Bd5 16. Nc4 Bxc4 17. bxc4 c5 18. dxc5 Na6 19. Ba3 Nxc5 20. Qe2 Qd3 21. Qxd3
Nxd3 22. Rc3 Rac8 23. Bxe4 Rxe4 24. Rxd3 Rexc4 25. Be7 Ne4 26. Rd7 Ra4 27. a3
Rc2 28. Bb4 a5 29. Be7 Nc5 30. Bxc5 bxc5 31. Rb1 Rxa3 32. Rb8+ Kh7 33. Rxf7 a4
{=} 34. Rbb7 Rb3 35. Rxg7+ Kh8 36. Rh7+ Kg8 37. Rbg7+ Kf8 38. Ra7 Kg8 39. Rhc7
Rf3 40. Rc8+ Rf8 41. Rxf8+ Kxf8 42. Rxa4 Kg7 43. Rf4 Kg6 44. Kg2 Rc1 45. Kf3 c4
46. Ke3 Rc2 47. h4 Rc1 48. g4 h5 49. g5 Kg7 50. Rd4 Rc3+ 51. Kd2 Rf3 52. Ke2
Rc3 53. Rf4 Rc1 54. Kd2 Rf1 55. Kc3 Rc1+ 56. Kb4 Rc2 57. f3 c3 58. Kb3 Rc1 59.
Rc4 Kg6 60. Rxc3 Rh1 61. Rc6+ Kg7 62. Rc4 Rf1 63. Rf4 Rc1 64. Rc4 Rf1 65. f4
Kg6 66. Rc6+ Kg7 67. Rh6 Rxf4 68. Rxh5 Rd4 69. Rh6 Rd1 70. Kc4 Rd2 71. Kc5 Rd1
72. Kc6 Rd4 73. h5 Rd1 74. Rd6 Rh1 75. Rd7+ Kh8 76. h6 Rh5 77. Rd5 Kg8 78. Rf5
Kh7 79. g6+ 1-0

[Event "4NCL/Div3/WES2 vs. SWD2"]
[Site "Birmingham ENG"]
[Date "2005.11.20"]
[Round "4.3"]
[White "Rutter, Nicholas"]
[Black "Powell, Lloyd"]
[Result "1-0"]
[WhiteElo "2133"]
[BlackElo "2184"]
[PlyCount "69"]
[EventDate "2005.11.20"]
[EventType "team"]
[EventRounds "11"]
[EventCountry "ENG"]
[SourceDate "2005.10.25"]

1. e4 c5 2. Nf3 d6 3. d4 cxd4 4. Nxd4 Nf6 5. Nc3 a6 6. Bg5 e6 7. f4 Be7 8. Qf3
Qc7 9. O-O-O Nbd7 10. g4 b5 11. Bxf6 Nxf6 12. g5 Nd7 13. f5 Bxg5+ 14. Kb1 Ne5
15. Qh5 Qd8 16. h4 Bf6 17. fxe6 g6 18. exf7+ Kxf7 19. Qh6 Ng4 20. Qd2 h5 21.
Bg2 Ne5 22. Nd5 Kg7 23. Bh3 Re8 24. Bxc8 Rxc8 25. Qg2 Ng4 26. c3 Rc4 27. Rh3
Be5 28. b3 Rc5 29. Rg1 Qd7 30. Rf3 Rf8 31. Rgf1 Rxf3 32. Qxf3 Rc8 33. Nb6 Nh2
34. Nxd7 Nxf3 35. Rxf3 1-0

[Event "4NCL/Div3/WES2 vs. SWD2"]
[Site "Birmingham ENG"]
[Date "2005.11.20"]
[Round "4.4"]
[White "Brown, Alan M"]
[Black "Gregory, Keith D"]
[Result "1/2-1/2"]
[WhiteElo "2142"]
[BlackElo "2099"]
[PlyCount "59"]
[EventDate "2005.11.20"]
[EventType "team"]
[EventRounds "11"]
[EventCountry "ENG"]
[SourceDate "2005.10.25"]

1. d4 d6 2. Nf3 g6 3. g3 Bg7 4. Bg2 Nf6 5. c4 O-O 6. O-O Nfd7 7. Nc3 Nc6 8. b3
e5 9. dxe5 Ndxe5 10. Bb2 Nxf3+ 11. Bxf3 Bh3 12. Re1 Qd7 13. Qd2 Rae8 14. Rad1
b6 15. Ne4 Ne5 16. Bh1 Bf5 17. Nc3 Qd8 18. Nd5 Bc8 19. Bg2 f6 20. Nb4 a5 21.
Nc2 Kh8 22. Nd4 Bd7 23. Nf3 Re7 24. Nd4 Qe8 25. h3 Nc6 26. Nb5 Qb8 27. Nc3 Qc8
28. Kh2 Ree8 29. Nd5 Ne7 30. Nxe7 1/2-1/2

[Event "4NCL/Div3/WES2 vs. SWD2"]
[Site "Birmingham ENG"]
[Date "2005.11.20"]
[Round "4.5"]
[White "Marsh, Roger"]
[Black "Sully, David"]
[Result "0-1"]
[WhiteElo "2072"]
[BlackElo "2135"]
[PlyCount "55"]
[EventDate "2005.11.20"]
[EventType "team"]
[EventRounds "11"]
[EventCountry "ENG"]
[SourceDate "2005.10.25"]

1. d4 e6 2. c4 b6 3. Nc3 Bb7 4. Nf3 Bb4 5. Qb3 Qe7 6. Bg5 Nf6 7. Nd2 c5 8. a3
Bxc3 9. Qxc3 d6 10. f3 Nbd7 11. e3 Rc8 12. Rc1 h6 13. Bxf6 Nxf6 14. Kf2 O-O 15.
Be2 d5 16. dxc5 dxc4 17. Nxc4 Rxc5 18. b4 Rc7 19. Qb2 Rfc8 20. e4 Bxe4 21. fxe4
Nxe4+ 22. Kf3 Qh4 23. g4 Ng5+ 24. Ke3 Qh3+ 25. Kf4 Rxc4+ 26. Rxc4 Rxc4+ 27.
Bxc4 Qf3+ 28. Ke5 0-1

[Event "4NCL/Div3/WES2 vs. SWD2"]
[Site "Birmingham ENG"]
[Date "2005.11.20"]
[Round "4.6"]
[White "Miles, Richard"]
[Black "Ferrington, Nigel M"]
[Result "0-1"]
[WhiteElo "2145"]
[BlackElo "2115"]
[PlyCount "36"]
[EventDate "2005.11.20"]
[EventType "team"]
[EventRounds "11"]
[EventCountry "ENG"]
[SourceDate "2005.10.25"]

1. d4 Nf6 2. c4 g6 3. Nc3 Bg7 4. e4 d6 5. Nf3 O-O 6. Be2 c6 7. O-O a6 8. Qc2 b5
9. a3 Bg4 10. b3 Nbd7 11. Be3 bxc4 12. bxc4 Qa5 13. h3 Bxf3 14. Bxf3 Rab8 15.
Be2 c5 16. d5 Rb7 17. Ra2 Rfb8 18. Rb1 Rxb1+ 0-1

[Event "4NCL/Div3/WES2 vs. SWD2"]
[Site "Birmingham ENG"]
[Date "2005.11.20"]
[Round "4.7"]
[White "Clark, Ian C"]
[Black "van Kemenade, Rudy"]
[Result "1-0"]
[WhiteElo "2133"]
[BlackElo "2068"]
[PlyCount "73"]
[EventDate "2005.11.20"]
[EventType "team"]
[EventRounds "11"]
[EventCountry "ENG"]
[SourceDate "2005.10.25"]

1. e4 d6 2. d4 g6 3. Nf3 Bg7 4. Nc3 a6 5. Be2 Nc6 6. O-O Bg4 7. Be3 e5 8. dxe5
dxe5 9. Qxd8+ Nxd8 10. Rad1 Bxf3 11. Bxf3 Nf6 12. Nd5 Ne6 13. Nxf6+ Bxf6 {=}
14. Rd3 Ke7 15. Bg4 Rhd8 16. Rb3 b6 17. Bxe6 Kxe6 18. a4 a5 19. Rb5 Rd6 20. c4
c5 21. Re1 Rad8 22. Kf1 Kd7 23. b4 axb4 24. a5 Rb8 25. Bxc5 Rc6 26. Rd1+ Kc8
27. axb6 Rb7 28. Rb1 Bd8 29. R1xb4 f5 30. Ke2 f4 31. f3 g5 32. Bf2 h5 33. Rxe5
g4 34. Rxh5 g3 35. hxg3 fxg3 36. Be3 Bxb6 37. Rhb5 1-0

[Event "4NCL/Div3/WES2 vs. SWD2"]
[Site "Birmingham ENG"]
[Date "2005.11.20"]
[Round "4.8"]
[White "van Kemenade, Julie"]
[Black "Riddell, Nathan S"]
[Result "1/2-1/2"]
[WhiteElo "1935"]
[BlackElo "1745"]
[PlyCount "44"]
[EventDate "2005.11.20"]
[EventType "team"]
[EventRounds "11"]
[EventCountry "ENG"]
[SourceDate "2005.10.25"]

1. e4 d6 2. Bc4 Nf6 3. d3 e5 4. Nc3 Be7 5. Nf3 Bg4 6. h3 Bxf3 7. Qxf3 Nc6 8.
Ne2 Qd7 9. c3 Rf8 10. Be3 O-O-O 11. O-O-O Na5 12. Bb3 Nxb3+ 13. axb3 a6 14. Kc2
c5 15. c4 Qc6 16. Nc3 Kb8 17. Ra1 Rd7 18. Bg5 h6 19. Bxf6 Bxf6 20. Nd5 Bd8 21.
Ra3 f6 22. Rha1 Rff7 1/2-1/2

[Event "4NCL/Div3/BRI2 vs. PPA2"]
[Site "Birmingham ENG"]
[Date "2006.01.14"]
[Round "5.1"]
[White "Timmins, Chris P"]
[Black "Kemp, Paul"]
[Result "1/2-1/2"]
[WhiteElo "2105"]
[BlackElo "2125"]
[PlyCount "53"]
[EventDate "2006.01.14"]
[EventType "team"]
[EventRounds "11"]
[EventCountry "ENG"]
[SourceDate "2005.10.25"]

1. e4 c6 2. Nc3 d5 3. Nf3 Bg4 4. h3 Bxf3 5. Qxf3 Nf6 6. d3 e6 7. a3 Qc7 8. g3
Nbd7 9. Bg2 Be7 10. O-O dxe4 11. dxe4 e5 12. Be3 O-O 13. Qe2 Bc5 14. Nd1 Rfe8
15. Bg5 Rad8 16. Kh1 h6 17. Bd2 Nf8 18. Ne3 Ne6 19. Rad1 Rd7 20. Ng4 Be7 21.
Be3 Rxd1 22. Rxd1 b6 23. Qf3 Nxg4 24. Qxg4 Bg5 25. Bxg5 hxg5 26. Bf1 b5 27. c3
1/2-1/2

[Event "4NCL/Div3/BRI2 vs. PPA2"]
[Site "Birmingham ENG"]
[Date "2006.01.14"]
[Round "5.2"]
[White "Bailey, Kevin"]
[Black "Collier, David O"]
[Result "1/2-1/2"]
[WhiteElo "2089"]
[BlackElo "2142"]
[PlyCount "53"]
[EventDate "2006.01.14"]
[EventType "team"]
[EventRounds "11"]
[EventCountry "ENG"]
[SourceDate "2005.10.25"]

1. c4 Nf6 2. g3 e6 3. Bg2 d5 4. Nf3 c5 5. cxd5 exd5 6. d4 b6 7. O-O Be7 8. Nc3
Bb7 9. Qb3 c4 10. Qc2 O-O 11. Ne5 Nc6 12. Rd1 h6 13. Bf4 a6 14. b3 cxb3 15.
Qxb3 Na5 16. Qb2 Bc8 17. Rac1 b5 18. Nb1 Bd6 19. Nd2 g5 20. Be3 Qe7 21. Qc3 b4
22. Qd3 Re8 23. Nb3 Nxb3 24. axb3 a5 25. Rc2 Ba6 26. Qf5 Bc8 27. Qd3 1/2-1/2

[Event "4NCL/Div3/BRI2 vs. PPA2"]
[Site "Birmingham ENG"]
[Date "2006.01.14"]
[Round "5.3"]
[White "Humphreys, Jerry"]
[Black "Winfridsson, Ola"]
[Result "1/2-1/2"]
[WhiteElo "2084"]
[BlackElo "2099"]
[PlyCount "39"]
[EventDate "2006.01.14"]
[EventType "team"]
[EventRounds "11"]
[EventCountry "ENG"]
[SourceDate "2005.10.25"]

1. e4 c6 2. d4 d5 3. Nc3 dxe4 4. Nxe4 Bf5 5. Ng3 Bg6 6. Nf3 Nd7 7. h4 h6 8. h5
Bh7 9. Bd3 Bxd3 10. Qxd3 Ngf6 11. Bd2 e6 12. O-O-O Be7 13. c4 O-O 14. Kb1 a5
15. Qe2 Qc7 16. Bc3 Bb4 17. Rc1 c5 18. Rhd1 Bxc3 19. Rxc3 Rfd8 20. Rcd3 1/2-1/2

[Event "4NCL/Div3/BRI2 vs. PPA2"]
[Site "Birmingham ENG"]
[Date "2006.01.14"]
[Round "5.4"]
[White "Retallick, Lloyd"]
[Black "Boyce, G Michael"]
[Result "1-0"]
[WhiteElo "2080"]
[BlackElo "2058"]
[PlyCount "72"]
[EventDate "2006.01.14"]
[EventType "team"]
[EventRounds "11"]
[EventCountry "ENG"]
[SourceDate "2005.10.25"]

1. d4 Nf6 2. c4 e6 3. Nc3 Bb4 4. Qc2 d5 5. Bg5 dxc4 6. e3 b5 7. Nf3 Bb7 8. Be2
h6 9. Bxf6 Qxf6 10. O-O a6 11. b3 cxb3 12. Qxb3 Bxc3 13. Qxc3 Nc6 14. Qc5 Qe7
15. Rfc1 Qxc5 16. Rxc5 O-O 17. Rac1 Na5 18. Nd2 Rfd8 19. f4 Rac8 20. Kf2 Kf8
21. g4 Ke7 22. Rxc7+ Rxc7 23. Rxc7+ Rd7 24. Rc3 Bd5 25. Ra3 Nc4 26. Nxc4 bxc4
27. Bf3 Rc7 28. Rc3 Bxf3 29. Kxf3 Kd6 30. e4 Rc6 {=} 31. Ke3 a5 32. Kd2 Kc7 33.
Rc2 Kd6 34. Kc3 f5 35. gxf5 exf5 36. exf5 Kd5 1-0

[Event "4NCL/Div3/BRI2 vs. PPA2"]
[Site "Birmingham ENG"]
[Date "2006.01.14"]
[Round "5.5"]
[White "Spiller, Paul"]
[Black "McCorry, Rob"]
[Result "1/2-1/2"]
[WhiteElo "2000"]
[BlackElo "2080"]
[PlyCount "37"]
[EventDate "2006.01.14"]
[EventType "team"]
[EventRounds "11"]
[EventCountry "ENG"]
[SourceDate "2005.10.25"]

1. e4 Nc6 2. Nc3 d6 3. d4 Nf6 4. f4 Bg4 5. Nf3 e5 6. d5 Nd4 7. Be3 Nxf3+ 8.
gxf3 Bd7 9. Qd2 exf4 10. Bxf4 Nh5 11. Be3 Qh4+ 12. Bf2 Qf4 13. Qxf4 Nxf4 14.
Nb5 Bxb5 15. Bxb5+ Kd8 16. Be3 Ng2+ 17. Kf2 Nxe3 18. Kxe3 g6 19. c3 1/2-1/2

[Event "4NCL/Div3/BRI2 vs. PPA2"]
[Site "Birmingham ENG"]
[Date "2006.01.14"]
[Round "5.6"]
[White "Jeffries, Majid"]
[Black "Stewart, Joseph"]
[Result "1-0"]
[WhiteElo "2026"]
[BlackElo "1970"]
[PlyCount "53"]
[EventDate "2006.01.14"]
[EventType "team"]
[EventRounds "11"]
[EventCountry "ENG"]
[SourceDate "2005.10.25"]

1. d4 d5 2. Nf3 Nf6 3. g3 g6 4. Bg2 Bg7 5. c4 c6 6. Nc3 O-O 7. b3 Ne4 8. Bd2
Nxd2 9. Qxd2 dxc4 10. bxc4 Be6 11. c5 b6 12. cxb6 axb6 13. O-O Qd7 14. Rfd1 Rd8
15. Qb2 Qb7 16. Rab1 Nd7 17. Ng5 Bc4 18. Qb4 b5 19. Qxc4 bxc4 20. Rxb7 Ra3 21.
Nb1 Rxa2 22. Rb4 Rxe2 23. Bf1 Rc2 24. Bxc4 Ne5 25. Bb3 Re2 26. Nc3 Rb2 27. dxe5
1-0

[Event "4NCL/Div3/BRI2 vs. PPA2"]
[Site "Birmingham ENG"]
[Date "2006.01.14"]
[Round "5.7"]
[White "Turvey, Steven S"]
[Black "McMahon, Paul"]
[Result "1/2-1/2"]
[WhiteElo "1885"]
[BlackElo "2031"]
[PlyCount "54"]
[EventDate "2006.01.14"]
[EventType "team"]
[EventRounds "11"]
[EventCountry "ENG"]
[SourceDate "2005.10.25"]

1. e4 e5 2. Nf3 Nc6 3. Bc4 Nf6 4. d3 Be7 5. Nc3 d6 6. h3 Be6 7. Bxe6 fxe6 8.
O-O Qd7 9. Nh2 d5 10. exd5 exd5 11. f4 O-O-O 12. fxe5 Nxe5 13. d4 Ng6 14. a3
Rhf8 15. b4 Rde8 16. Bg5 Qd6 17. Qd2 h6 18. Qd3 Ng4 19. Nxg4 Bxg5 20. Rxf8 Rxf8
21. Ne2 Nf4 22. Nxf4 Qxf4 23. b5 h5 24. Ne5 Qe3+ 25. Kh1 Qxd3 26. Nxd3 {=} Be3
27. Rd1 Bxd4 1/2-1/2

[Event "4NCL/Div3/BRI2 vs. PPA2"]
[Site "Birmingham ENG"]
[Date "2006.01.14"]
[Round "5.8"]
[White "Vann, Monica S"]
[Black "Owens, Megan"]
[Result "1/2-1/2"]
[WhiteElo "1810"]
[BlackElo "1645"]
[PlyCount "70"]
[EventDate "2006.01.14"]
[EventType "team"]
[EventRounds "11"]
[EventCountry "ENG"]
[SourceDate "2005.10.25"]

1. e4 c5 2. f4 a6 3. Nf3 b5 4. a4 b4 5. Bc4 e6 6. O-O d5 7. exd5 exd5 8. Ba2
Nf6 9. c3 Be7 10. cxb4 cxb4 11. d4 O-O 12. Nbd2 Nc6 13. Nb3 Ne4 14. Bb1 f5 15.
Ne5 Nxe5 16. fxe5 a5 17. Bf4 Ba6 18. Rf3 Bg5 {=} 19. Ba2 Bc4 20. Nc5 Bxf4 21.
Ne6 Bxh2+ 22. Kxh2 Qh4+ 23. Rh3 Qg4 24. Bxc4 dxc4 25. Qc2 Rfc8 26. Re1 b3 27.
Qe2 Qxe2 28. Rxe2 c3 29. bxc3 Nxc3 30. Ree3 b2 31. Re1 b1=Q 32. Rxb1 Nxb1 33.
Rd3 Ra6 34. Nc5 Rxc5 35. dxc5 Re6 1/2-1/2

[Event "4NCL/Div3/HKFC vs. MIN"]
[Site "Birmingham ENG"]
[Date "2006.01.14"]
[Round "5.1"]
[White "Tavoularis, Nicholas"]
[Black "McFarland, Robert S"]
[Result "0-1"]
[WhiteElo "2182"]
[BlackElo "2257"]
[PlyCount "94"]
[EventDate "2006.01.14"]
[EventType "team"]
[EventRounds "11"]
[EventCountry "ENG"]
[SourceDate "2005.10.25"]

1. c4 g6 2. g3 Bg7 3. Bg2 c5 4. Nc3 Nc6 5. d3 Nf6 6. e4 a6 7. f4 d6 8. Nf3 Rb8
9. O-O O-O 10. h3 b5 11. Qe2 Nd4 12. Nxd4 cxd4 13. Nd1 e6 14. b3 Nd7 15. Bb2
Qc7 16. Nf2 Nc5 17. Rac1 b4 18. h4 Bd7 19. h5 Rbe8 20. h6 Bh8 21. Rce1 e5 22.
f5 gxf5 23. Qh5 Qd8 24. exf5 Bf6 25. Bd5 Bc8 26. Bc1 Kh8 27. Bxf7 Re7 28. Bd5
Bb7 29. Bxb7 Rxb7 30. Kh2 d5 31. g4 Qd6 32. g5 e4+ 33. Kh3 Be5 34. dxe4 dxc4
35. bxc4 d3 36. Be3 Bd4 37. Qf3 Rd7 38. Rd1 Bxe3 39. Qxe3 Re8 40. Rd2 Qe5 41.
Rfd1 Qxf5+ 42. Kh4 Nxe4 43. Rxd3 Rxd3 44. Nxd3 Nf6 45. Ne5 Rxe5 46. Rd8+ Ng8
47. Rf8 Re4+ 0-1

[Event "4NCL/Div3/HKFC vs. MIN"]
[Site "Birmingham ENG"]
[Date "2006.01.14"]
[Round "5.2"]
[White "Howell, Christopher"]
[Black "Hagesaether, Arne"]
[Result "0-1"]
[WhiteElo "2147"]
[BlackElo "2182"]
[PlyCount "60"]
[EventDate "2006.01.14"]
[EventType "team"]
[EventRounds "11"]
[EventCountry "ENG"]
[SourceDate "2005.10.25"]

1. e4 c6 2. d4 d5 3. e5 Bf5 4. Nf3 e6 5. Be2 Nd7 6. O-O h6 7. c4 dxc4 8. Bxc4
Ne7 9. Nc3 Nb6 10. Bb3 Ned5 11. Be3 Be7 12. Qd2 Qd7 13. a4 a5 14. Rac1 Nb4 15.
Ne1 Rd8 16. Nc2 Nd3 17. d5 Nxd5 18. Nxd5 Nxc1 19. Rxc1 Bxc2 20. Rxc2 exd5 21.
Qxa5 O-O 22. Qd2 Qf5 23. Rc1 Qxe5 24. Re1 Bd6 25. g3 Rfe8 26. Bc2 g6 27. f4
Qxb2 28. Rb1 Qa3 29. Bd4 Bc5 30. Kg2 Bxd4 0-1

[Event "4NCL/Div3/HKFC vs. MIN"]
[Site "Birmingham ENG"]
[Date "2006.01.14"]
[Round "5.3"]
[White "Forman, Karl L"]
[Black "Almond, Richard"]
[Result "0-1"]
[WhiteElo "2026"]
[BlackElo "2073"]
[PlyCount "94"]
[EventDate "2006.01.14"]
[EventType "team"]
[EventRounds "11"]
[EventCountry "ENG"]
[SourceDate "2005.10.25"]

1. e4 d5 2. exd5 Qxd5 3. Nc3 Qa5 4. Nf3 Nf6 5. d4 c6 6. Bc4 Bf5 7. O-O e6 8.
Bd2 Qc7 9. Qe2 Bd6 10. d5 cxd5 11. Nb5 Qe7 12. Nxd6+ Qxd6 13. Bb5+ Nbd7 14. Nd4
Bg6 15. f4 Be4 16. f5 e5 17. Nf3 O-O 18. Kh1 Bxc2 19. a3 a5 20. Bc3 Be4 21.
Rad1 d4 22. Bxd7 Bxf3 23. Rxf3 Nxd7 24. Be1 Rfc8 25. g4 Qd5 26. Kg1 e4 27. Rf4
Re8 28. Bf2 d3 29. Qe3 Rac8 30. g5 Rc2 31. Rd2 Rxd2 32. Qxd2 Ne5 33. Kg2 Nf3
34. Qd1 Nxg5 35. Be3 Nf3 36. h4 Qc4 37. Kg3 Qc2 38. Qxc2 dxc2 39. Kf2 Ne5 40.
Rg4 Nd3+ 41. Ke2 c1=Q 42. Bxc1 Nxc1+ 43. Ke3 Nd3 44. f6 g6 45. b3 Nc5 46. b4
axb4 47. axb4 Nd7 0-1

[Event "4NCL/Div3/HKFC vs. MIN"]
[Site "Birmingham ENG"]
[Date "2006.01.14"]
[Round "5.4"]
[White "Hardman, Michael J"]
[Black "Stinton-Brownbridge, Michael"]
[Result "1-0"]
[WhiteElo "2138"]
[BlackElo "2000"]
[PlyCount "31"]
[EventDate "2006.01.14"]
[EventType "team"]
[EventRounds "11"]
[EventCountry "ENG"]
[SourceDate "2005.10.25"]

1. e4 c6 2. d4 d5 3. Nd2 dxe4 4. Nxe4 Bf5 5. Ng3 Bg6 6. N1e2 h6 7. Nf4 Bh7 8.
Bc4 Nf6 9. O-O Nd5 10. c3 e6 11. Qh5 Nxf4 12. Bxf4 Bg6 13. Qg4 Qf6 14. Be5 Qe7
15. Bxb8 Bd3 16. Bxd3 1-0

[Event "4NCL/Div3/HKFC vs. MIN"]
[Site "Birmingham ENG"]
[Date "2006.01.14"]
[Round "5.5"]
[White "Hogarth, Mark J"]
[Black "Ackley, Peter"]
[Result "0-1"]
[WhiteElo "1919"]
[BlackElo "2030"]
[PlyCount "88"]
[EventDate "2006.01.14"]
[EventType "team"]
[EventRounds "11"]
[EventCountry "ENG"]
[SourceDate "2005.10.25"]

1. e4 e6 2. f4 d5 3. e5 c5 4. Bb5+ Bd7 5. Qe2 Qb6 6. Nc3 a6 7. Bxd7+ Nxd7 8. a4
Ne7 9. Nf3 h5 10. d3 Nf5 11. a5 Qc6 12. O-O Be7 13. Nd1 Rc8 14. c3 c4 15. d4
Bd8 16. Qc2 Qb5 17. Ra3 Bxa5 18. b4 cxb3 19. Rxb3 Qc6 20. Qb1 Rb8 21. Ba3 b5
22. Nd2 Bd8 23. Rf3 Be7 24. Nf2 a5 25. Bxe7 Nxe7 26. Nf1 Nf5 27. Ng3 Nxg3 28.
hxg3 g6 29. g4 hxg4 30. Nxg4 Rh4 31. Nf2 Rb6 32. Nh3 Qb7 33. Rf2 a4 34. Rb4 Qc6
35. Qe1 Nb8 36. Rfb2 Rh8 37. Rb1 Na6 38. R4b2 Qc4 39. Qg3 a3 40. Rc2 b4 41. Qe1
b3 42. Ra2 Qa4 43. Qd1 Ke7 44. Nf2 bxa2 0-1

[Event "4NCL/Div3/HKFC vs. MIN"]
[Site "Birmingham ENG"]
[Date "2006.01.14"]
[Round "5.6"]
[White "Parker, Robert"]
[Black "Foord, Dominic"]
[Result "1-0"]
[WhiteElo "2087"]
[BlackElo "1915"]
[PlyCount "33"]
[EventDate "2006.01.14"]
[EventType "team"]
[EventRounds "11"]
[EventCountry "ENG"]
[SourceDate "2005.10.25"]

1. d4 f5 2. Nf3 e6 3. c4 Nf6 4. Nc3 Bb4 5. a3 Bxc3+ 6. bxc3 O-O 7. Bg5 h6 8.
Bxf6 Qxf6 9. e3 b6 10. Be2 Bb7 11. O-O d6 12. Nd2 Nd7 13. Bf3 c6 14. Qa4 Rfc8
15. e4 f4 16. Qb3 c5 17. e5 1-0

[Event "4NCL/Div3/HKFC vs. MIN"]
[Site "Birmingham ENG"]
[Date "2006.01.14"]
[Round "5.7"]
[White "Bullock, Andrew"]
[Black "Kelly, Paul J"]
[Result "1/2-1/2"]
[WhiteElo "1866"]
[BlackElo "1945"]
[PlyCount "74"]
[EventDate "2006.01.14"]
[EventType "team"]
[EventRounds "11"]
[EventCountry "ENG"]
[SourceDate "2005.10.25"]

1. c4 b6 2. Nc3 e5 3. Nf3 d6 4. g3 Bb7 5. Bg2 f5 6. d3 Nf6 7. O-O Nbd7 8. b4 a5
9. b5 g6 10. Bb2 Bg7 11. Qc2 O-O 12. Rfe1 Nh5 13. Nxe5 Bxg2 14. Nxd7 Qxd7 15.
Kxg2 f4 16. f3 fxg3 17. hxg3 Be5 18. Ne4 Rae8 19. d4 Bg7 20. Rh1 Re7 21. Ng5
Bh6 22. Ne4 d5 23. cxd5 Rfe8 24. Rae1 Rxe4 25. Rxh5 gxh5 26. fxe4 Qg4 27. e5 h4
28. Qd3 Rf8 29. Rh1 Bg5 30. d6 cxd6 31. exd6 Re8 32. Qc4+ Re6 33. Qc8+ Kf7 34.
Rf1+ Kg6 35. Qg8+ Kh6 36. Qf8+ Kh5 37. Qf7+ Kh6 1/2-1/2